000 00688nam a2200253Ia 4500
003 OSt
005 20220924130104.0
006 a|||||r|||| 00| 0
007 ta
008 220923b |||||||| |||| 00| 0 per d
020 _a964605336X
024 _a328712
037 _cTextual
040 _aARTS
_cARTS
_bper
041 _2per
_aper
082 _aO164,6x, N8
100 _aTahir Ghulam Raza Tr.
_9199481
245 0 _aAl-Mukhtarat minarrasail
260 _aTehran
_bKitab khana-e-milli Iran Iran
_c1998
300 _a678p.
_ccm.
650 _aPERSIAN PROSE
_9997
942 _hO164,6x, N8
_cTEXL
_2CC
999 _c424022
_d424022